00518nam a2200133Ia 4500008004100000100002500041245005900066245010400125260005300229260001800282300000800300650001500308856006100323170221s9999 xx 000 0 und d aViktoriya V. Bolgova 4aThe Innovative Control Management of Travel Companies  cViktoriya V. Bolgova, Sergey A. Makushkin, Elena V. Povorina, Elena V. Duplij, Tatiana S. Demchenko bInternational Review of Management and Marketing cNovember 2012 a1:2 xMarketing. uhttp://www.econjournals.com/index.php/irmm/issue/view/86